Иллюстрированная неврология развития (Запись № 10302737)

Подробности
000 -МАРКЕР
контрольное поле 01359nam0a2200337 4500
001 - ИДЕНТИФИКАТОР ЗАПИСИ
контрольное поле RU\NLR\BIBL_A\010542904
005 - ИДЕНТИФИКАТОР ВЕРСИИ
контрольное поле 20260405154137.0
010 ## - МЕЖДУНАРОДНЫЙ СТАНДАРТНЫЙ НОМЕР КНИГИ (ISBN)
Номер (ISBN) 978-5-00030-158-6
021 ## - НОМЕР ГОСУДАРСТВЕННОЙ РЕГИСТРАЦИИ
Код страны российская федерация
Номер 2014-70199
Номер Листа государственной регистраци 4305
035 ## - ДРУГИЕ СИСТЕМНЫЕ НОМЕРА
Идентификатор записи (NILC)RuMoRGB-007554971
035 ## - ДРУГИЕ СИСТЕМНЫЕ НОМЕРА
Идентификатор записи (NLR Aleph) 010542904
100 ## - ДАННЫЕ ОБЩЕЙ ОБРАБОТКИ
Данные общей обработки 20141124d2014 |||y0rusy50 ca
101 0# - ЯЗЫК РЕСУРСА
Язык текста, звукозаписи и т.д. русский
102 ## - СТРАНА ПУБЛИКАЦИИ ИЛИ ПРОИЗВОДСТВА
Страна публикации российская федерация
105 ## - ПОЛЕ КОДИРОВАННЫХ ДАННЫХ: ТЕКСТОВЫЕ МАТЕРИАЛЫ, МОНОГРАФИЧЕСКИЕ
Кодированные данные о монографическом текстовом документе a|||z|||000yy
200 1# - ЗАГЛАВИЕ И СВЕДЕНИЯ ОБ ОТВЕТСТВЕННОСТИ
Основное заглавие Иллюстрированная неврология развития
Первые сведения об ответственности И. А. Скворцов
210 ## - ПУБЛИКАЦИЯ, РАСПРОСТРАНЕНИЕ И ДР.
Место издания, распространения и т.д. Москва
Имя издателя, распространителя и т. д. МЕДпресс-информ
Дата издания, распространения и т.д. 2014
215 ## - ФИЗИЧЕСКАЯ ХАРАКТЕРИСТИКА
Специфическое обозначение материала и объем 351 с.
Другие сведения о физической характеристике ил., цв. ил.
Размеры 25
606 1# - НАИМЕНОВАНИЕ ТЕМЫ КАК ПРЕДМЕТ
Наименование темы Нервная система детей
Формальный подзаголовок Руководства, пособия и т.п
Тематический подзаголовок Развитие
Системный номер авторитетной/нормативной записи 2190827
Идентификатор авторитетной/нормативной записи RU\NLR\AUTH\661316994
606 1# - НАИМЕНОВАНИЕ ТЕМЫ КАК ПРЕДМЕТ
Наименование темы Нервно-психические болезни детей
Формальный подзаголовок Руководства, пособия и т.п
Системный номер авторитетной/нормативной записи 2207075
Идентификатор авторитетной/нормативной записи RU\NLR\AUTH\6601560320
686 1# - ИНДЕКСЫ ДРУГИХ КЛАССИФИКАЦИЙ
Индекс Р731.962я7
686 1# - ИНДЕКСЫ ДРУГИХ КЛАССИФИКАЦИЙ
Индекс Р733.62я7
686 1# - ИНДЕКСЫ ДРУГИХ КЛАССИФИКАЦИЙ
Индекс Р733.64я7
700 #1 - ИМЯ ЛИЦА - ПЕРВИЧНАЯ ОТВЕТСТВЕННОСТЬ
Материалы, к которым относится поле rus
Графика поля Кириллица
Начальный элемент ввода Скворцов
Часть имени, кроме начального элемента ввода И. А.
Дополнения к именам, кроме дат д-р мед. наук
Расширение инициалов личного имени Игорь Арнольдович
Идентификатор авторитетной/нормативной записи RU\NLR\AUTH\7765098
Системный номер авторитетной/нормативной записи 48027
801 #0 - ИСТОЧНИК ЗАПИСИ
Страна российская федерация
Организация РГБ
Дата составления 20140919
Правила каталогизации RCR
942 ## - ДОПОЛНИТЕЛЬНЫЕ ЭЛЕМЕНТЫ ЗАПИСИ (АБИС)
Тип экземпляра АБИС Книга
980 ## - КОЛЛЕКЦИЯ
Название коллекции НБР
980 ## - КОЛЛЕКЦИЯ
Название коллекции Национальная библиография
Экземпляры
Тип экземпляра Дата поступления Источник поступления Библиотека постоянного хранения Библиотека текущего хранения Место хранения Шифр хранения Штрих-код Статус не для выдачи Стоимость
Книга 24.11.2014 Обязательный экземпляр РНБ (Московский) РНБ (Московский) Русский книжный фонд: издания с 1957 года, 8этаж 2014-7/5910 1-722828    
Книга 24.11.2014 Обязательный экземпляр РНБ (Московский) РНБ (Московский) Русский книжный фонд: издания с 1957 года, 8этаж 2014-7/5910 1-722829    
Книга 03.12.2014 Покупка РНБ (Московский) РНБ (Московский) Фонд общего зала литературы по биологии и медицине М1Р 733.62/С-427 1-1153234   770.00
Книга 02.12.2014 Покупка РНБ (Садовая) РНБ (Садовая) Универсальный читальный зал У Р733.62/С-427 1-1153233   770.00